| 000 | 00672cam a2200217 i 4500 | ||
|---|---|---|---|
| 001 | 17046988 | ||
| 005 | 20180517094203.0 | ||
| 008 | 111116s2012 cau b 001 0 eng | ||
| 020 | _a9780470393369 (hardback) | ||
| 040 | _cPK-LaUMT | ||
| 082 | 0 | 0 |
_a370.115 _223 _bTEN-L |
| 100 | 1 | _aTennant, Mark | |
| 245 | 1 | 4 |
_aThe learning self : _bunderstanding the potential for transformation / _cMark Tennant |
| 260 |
_aSan Francisco : _bJossey-Bass, _c2012 |
||
| 300 |
_axiii, 208 p. ; _c24 cm |
||
| 650 | 0 | _aTransformative learning. | |
| 650 | 0 | _aLearning, Psychology of. | |
| 650 | 0 | _aAdult learning. | |
| 650 | 7 | _aEDUCATION / Adult & Continuing Education. | |
| 942 | _cBK | ||
| 999 |
_c104795 _d104795 |
||